[Event "Baden-ch U1400"]
[Site "Walldorf"]
[Date "2017.07.29"]
[Round "5"]
[White "Karl, Ulrich"]
[Black "Galanis, Vasilios"]
[Result "0-1"]
[WhiteElo "795"]
[BlackElo "1066"]
[PlyCount "60"]
[EventDate "2017.07.26"]
[EventType "swiss"]
[EventRounds "7"]
[EventCountry "GER"]
[SourceTitle "EXT 2018"]
[Source "ChessBase"]
[SourceDate "2017.10.13"]
[SourceVersion "1"]
[SourceVersionDate "2017.10.13"]
[SourceQuality "1"]

1. e4 c6 2. Nc3 d5 3. d4 dxe4 4. Nxe4 Bf5 5. f3 e6 6. g4 Bxe4 7. fxe4 Qh4+ 8. Kd2 Be7 9. c3 c5 10. Kc2 cxd4 11. Qxd4 Nc6 12. Bb5 Rd8 13. Qxa7 Qe1 14. Be3 Qxa1 15. Bc1 Nf6 16. Nf3 0-0 17. Qa4 Ra8 18. Qb3 Na5 19. Qa4 b6 20. e5 Nb7 21. Qd4 Nd5 22. Bc4 b5 23. Bxd5 exd5 24. Qxd5 Nc5 25. a3 Rxa3 26. bxa3 Na4 27. Qb3 Rc8 28. Qxb5 Qxc3+ 29. Kb1 Qxf3 30. Rf1 Nc3+ 0-1